Quizzes
Events
Quiz Creation
Community
Videos
Private Events
Remove Ads
Sign In
Join for FREE
Feedback
Dark Mode
Quiz Categories
Sports
Geography
Music
Movies
Television
Just For Fun
Miscellaneous
History
Literature
Language
Science
Gaming
Entertainment
Religion
Holiday
For Kids
Quiz Lab
Recent
Popular Today
Quiz Kudos Today
Editor Picks
Curator Picks
Quizzes by...
Day
Popularity
Type
Ratings
Length
Year
Community
Subscriptions
Recent Discussions
Orange Saloon
Badges
Playlists
Quests
Create
Leaderboards
Showdown
Live 5
Trivia Bingo
Activity
Puzzle Library
Sporcle Events
Private Events
Virtual Trivia
Globe League
Become a Host
Pub Owners
SporcleCon
Opinionation
Our Games
Videos
Blog
Mobile Apps
Partnerships
Remove Ads and Go Orange
Feedback
Entertainment
Celebrity
Famous
Musical
Broadway
Show
Quote
Comic Books
Anime
Superhero
DC Comics
Marvel
Cartoons
Animation
Entertainment
Celebrity
Famous
Musical
Broadway
Show
Quote
Comic Books
Anime
Superhero
DC Comics
Marvel
Cartoons
Animation
Random Quiz
Search Sporcle
×
Quiz Lab
Quiz Lab
Entertainment
George Carlin
Type in answers that appear in a list
Type in answers that appear in a list
Classic
Best Score? Go Orange.
George Carlin's Ungodly Things Stats
Can you name the eleven ungodly things from George Carlin?
By
futureprez2016
3m
11 Questions
15 Plays
15 Plays
15 Plays
Comments
Comments
Give Quiz Kudos
Give Quiz Kudos
-
- Ratings
hide this ad
More Info
Wrong Answers
Some wrong answers will appear in red
Some wrong answers will appear in red
Random Order
Randomize order of answers
Randomize order of answers
Replay
Link that replays current quiz
Next Quiz
Link to next quiz in quiz playlist
You Got
0%
They Got
Avg Score
38%
Avg Friend Score
Upgrade to see
Score Distribution
Jump to the score distribution portion of the page
Score
0/11
Timer
03:00
0
Plays Today
% Correct
???
73.3%
???
66.7%
???
46.7%
???
46.7%
???
40%
???
40%
???
33.3%
???
33.3%
???
20%
???
13.3%
???
13.3%
Quiz Playlist
Details
Report
Send in Message
Add To Playlist
More Info:
What are the 11 things any good god should not be held accountable...according to George Carlin.
Classic:
Type in answers that appear in a list
Wrong Answers:
Some wrong answers will appear in red
Random Order:
Randomize order of answers
Quiz Source
Last Updated: Feb 16, 2017
Quiz Scoreboard
CHALLENGE
Sign Up to Join the Scoreboard
Show All
Scores
Hide
Comments
May contain spoilers
Recently Published
Popular People in 1961
by mucciniale
History
6m
1-10 Letter E Words III
by El_Dandy
Language
2m
One Thing in Common: World Cities II
by knightlancer
Geography
7m
More to Explore
Quiz From the Vault
Featured Blog Post
Where Did the Easter Bunny Come From?
hide this ad
You Might Also Like...
Tags
George Carlin
Today's Top Quizzes in Entertainment
Browse Entertainment
hide this ad
Today's Top Quizzes in George Carlin
Browse George Carlin
Top Contributed Quizzes in Entertainment
1
Kamen Rider Motifs
2
Dragon Ball Z: Mega Character Search
3
Undead Unluck Minefield
4
Dragon Ball Z: Goku's Fights in Order
5
Survivor Winners Logic Quiz
6
Who Wants to Be a Millionaire: Anime Edition
7
10-to-1 Anime Arc Sorting Gallery
8
Criteria Quickie: Cartoon Taxonomy II
9
Ana Gasteyer or Kathryn Hahn?
10
One Piece 11-1
Explore More
Trending Topics
Anime
NBA
Kpop
Crossword
Disney
Harry Potter
Marvel
Song
WWE
Country
The Office
NFL
Soccer
Puzzle
Pokémon
hide this ad
More By:
futureprez2016
Quiz
Plays
Rating
Category
Featured
Created
U.S. cities in 1997's 'Titanic'
184
2.00
Movies
Feb 21, 2013
George Carlin's Ungodly Things
15
3.00
Entertainment
Mar 5, 2013
Go to Creator's Profile
Score Distribution
Quiz Creator Spotlight
futureprez2016
Follow
Send a Message
Quizzes Created
-
Created Quiz Play Count
-
More By This Creator
Popular Quizzes Today
1
Find the US States - No Outlines Minefield
2
The Countries of the World
3
Popular People in 1961
4
Find the Countries of Europe - No Outlines Minefield
5
1-10 Letter E Words III
6
Find the US States
7
One Thing in Common: World Cities II
8
US States
More Entertainment Quizzes
Musicals Without 'Dancers'
Published
Trending Quizzes
Country Music Stars Doing Things
Get the Picture: Carrie or Dolly
1-10 Letter F Words
1-10 Letter G Words
Risky Map Clicking: Next State Alphabetically
Recently Updated
Leaping Animals
pecheneg
Reality TV Shows (A-Z)
bhenderson79
Rickey Henderson's Hall of Fame Teammates
pecheneg
Champions League XIs: Arsenal
pecheneg
Quick Pick: Celebrities in WWE's Hall of Fame
aduchscher
A-Z Keypad Blitz II
pecheneg
Multiple Oscar Actors
pecheneg
Mystery Phrase Blitz: Oscar 'Best Actors'
pecheneg
F. Scott Fitzgerald Novels
LTH
Pick 3 Villains
ddd62291
Trending Topics
Disney
Kpop
Harry Potter
Anime
Marvel
Crossword
NBA
Soccer
Country
The Office
NFL
Pokémon
Song
Puzzle
WWE
Your Account Isn't Verified!
In order to create a playlist on Sporcle, you need to verify the email address you used during registration. Go to your
Sporcle Settings
to finish the process.
Report this User
Report this user for behavior that violates our
Community Guidelines
.
Details:
Send Report
Go to the Sporcle.com Mobile Site →
Comments